Ảnh hưởng của giá thể xơ dừa và dinh dưỡng bổ sung lên sự sinh trưởng, năng suất và chất lượng cà chua thuỷ canh : Luận văn Thạc sĩ chuyên ngành Trồng trọt
Luận văn cho thấy bốn loại giá thể có nguồn gốc từ sản phẩm phụ của vỏ dừa thích hợp cho phương pháp bán thủy canh ở 2 loại giống cà chua và hiệu quả của việc bón thêm phân dơi vào thành phần dinh dưỡng thủy canh....
Gorde:
| Egile nagusia: | |
|---|---|
| Formatua: | Liburua |
| Hizkuntza: | Undetermined |
| Argitaratua: |
Cần Thơ
Trường Đại học Cần Thơ
2010
|
| Gaiak: | |
| Etiketak: |
Etiketa erantsi
Etiketarik gabe, Izan zaitez lehena erregistro honi etiketa jartzen!
|
| Thư viện lưu trữ: | Trung tâm Học liệu Trường Đại học Cần Thơ |
|---|
| LEADER | 01201nam a2200217Ia 4500 | ||
|---|---|---|---|
| 001 | CTU_166649 | ||
| 008 | 210402s9999 xx 000 0 und d | ||
| 082 | |a 635.642 | ||
| 082 | |b Ng527 | ||
| 088 | |a 606201 | ||
| 100 | |a Đinh, Trần Nguyễn | ||
| 245 | 0 | |a Ảnh hưởng của giá thể xơ dừa và dinh dưỡng bổ sung lên sự sinh trưởng, năng suất và chất lượng cà chua thuỷ canh : | |
| 245 | 0 | |b Luận văn Thạc sĩ chuyên ngành Trồng trọt | |
| 245 | 0 | |c Đinh Trần Nguyễn ; Nguyễn Bảo Toàn (Hướng dẫn khoa học) | |
| 260 | |a Cần Thơ | ||
| 260 | |b Trường Đại học Cần Thơ | ||
| 260 | |c 2010 | ||
| 520 | |a Luận văn cho thấy bốn loại giá thể có nguồn gốc từ sản phẩm phụ của vỏ dừa thích hợp cho phương pháp bán thủy canh ở 2 loại giống cà chua và hiệu quả của việc bón thêm phân dơi vào thành phần dinh dưỡng thủy canh. | ||
| 650 | |a Cây cà chua,Tomatoes | ||
| 904 | |i Huệ, Hải | ||
| 980 | |a Trung tâm Học liệu Trường Đại học Cần Thơ | ||